Générique Dinosaur King - Paroles - Statistiques

Statistiques générales
  • Ce quiz a été pris 16 fois
  • Le résultat moyen est 19 sur 22
Statistiques - réponses
Paroles % Correct
Aux quatre coins du {monde}
100%
C'est complètement {fou}
100%
Les dinosaures sont de retour parmi {nous}
100%
Tout le monde veut devenir un Dinosaur {King}
100%
Tout le monde veut devenir un Dinosaur {King}
100%
Attention ils sont {là}
93%
C'est complétement {fou}
93%
De contrôler ces géants de la {préhistoire}
93%
Le passé et le {présent}
93%
Les dinosaures sont de retour parmi {nous}
93%
Mais il n'y aura qu'un seul {gagnant}
93%
Se rejoignent à chaque {instant}
93%
Tout le monde veut devenir un Dinosaur {King}
93%
Tout le monde veut devenir un Dinosaur {King}
93%
Les Dinopost te donne le {pouvoir}
87%
Pour un combat de {titans}
87%
Revenus du fond des {âges}
80%
Ces grands monstres sont {sauvages}
73%
Rien ne résiste à leurs {passages}
73%
Vous ne les mettrez pas en {cage}
73%
Ils ont repris {vie}
67%
L'art des des des {défis}
20%
Aucun quiz correspondant
Distribution des résultats
% des personnes avec chaque résultat
Percentile par nombre de réponses
Votre historique - résultats
Vous n’avez pas pris ce quiz